Plus grandes villes d'Amérique - Statistiques

Statistiques générales
  • Ce quiz a été pris 722 fois
  • Le résultat moyen est 12 sur 20
Statistiques - réponses
Classement Population Métropole % Correct
3 8 336 697 New York
99%
8 3 833 995 Los Angeles
95%
2 8 851 080 Mexico
90%
6 6 323 037 Rio de Janeiro
86%
12 2 714 856 Chicago
85%
9 2 891 082 Buenos Aires
84%
1 11 244 369 São Paulo
81%
5 7 434 453 Bogota
80%
4 7 605 742 Lima
79%
7 5 278 044 Santiago du Chili
76%
10 2 795 060 Toronto
70%
16 2 562 963 Brasilia
64%
20 2 375 444 Belo Horizonte
37%
14 2 636 101 Medellin
37%
13 2 676 606 Salvador de Bahia
27%
11 2 732 158 Cali
25%
18 2 447 409 Fortaleza
21%
15 2 600 000 Guayaquil
14%
17 2 552 398 Saint-Domingue
14%
19 2 385 202 Valencia
1%
Aucun quiz correspondant
Distribution des résultats
% des personnes avec chaque résultat
Percentile par nombre de réponses
Votre historique - résultats
Vous n’avez pas pris ce quiz